000 00897cab a2200205 4500
001 WB3116-126
008 090401t1995 xxu||||| |||| 00| 0 eng d
035 _a(Sirsi) u11341
041 _aeng
245 _aFarm co-operatives
260 _c1995
350 _a0
490 _aYorkshire Post
_v14 April 1995, II(1)
520 _aFarming co-operatives control a large segment of agricultural activity and they could have a vital role in the fast changing scene of UK farming and marketing according to two publications by the Plunkett Foundation (23 Hanborough Business Park, Long Hanborough, Oxford OX8 8LH) "The 1994 directory of agricultural co-operatives in the UK" (£27.50) and "Facts and figures about farmer controlled business in the UK" (£9.95).
650 _aFARM CO-OPERATIVES
650 _aPLUNKETT FOUNDATION
690 _aRURAL PRACTICE
942 _n0
948 _c04/03/1997
999 _c7219
_d7219